000
00235nam a2200097Ia 4500
008
230508s1986 xx 000 0 und d
041
_a
eng
100
_a
S RAMAMRUTHAM
245
_a
DESIGN OF STEEL AND TIMBER STRUCTURES
260
_c
1986
999
_c
314136
_d
314136